Noncommutative geometry : lectures given at the C.I.M.E. summer school held in Martina Franca, Italy, September 3-9, 2000 /

Guardado en:
Otros Autores: Connes, Alain., Doplicher, S. (Editor ), Longo, Roberto. (Editor )
Formato: Libro
Idioma:English
Publicado: Berlin ; New York : Springer, c2004.
Series:Lecture notes in mathematics (Springer-Verlag) ; 1831.
Materias:
Etiquetas: Agregar Etiqueta
Sin Etiquetas, Sea el primero en etiquetar este registro!
LEADER 01431cam a22002654a 4500
001 MAT.inmabb003906
008 031106s2004####gw#a#####b####100#0#eng##
005 20110629140315.0
245 0 0 |a Noncommutative geometry :  |b lectures given at the C.I.M.E. summer school held in Martina Franca, Italy, September 3-9, 2000 /  |c A. Connes ... [et al.] ; editors, S. Doplicher, R. Longo. 
260 |a Berlin ;  |a New York :  |b Springer,  |c c2004. 
300 |a xiv, 348 p. :  |b il. ;  |c 24 cm. 
490 1 |a Lecture notes in mathematics,  |x 0075-8434 ;  |v 1831 
504 |a Incluye referencias bibliográficas. 
505 0 |a Alain Connes, Cyclic cohomology, noncommutative geometry and quantum group symmetries -- Joachim Cuntz, Cyclic theory and the bivariant Chern-Connes character -- Nigel Higson and Erik Guentner, Group C*-algebras and K-theory -- Erik Guentner and Jerome Kaminker, Geometric and analytic properties of groups -- J. E. Roberts [John E. Roberts], More lectures on algebraic quantum field theory. 
510 4 |a MR,  |c 2005b:00021 
020 |a 3540203575 
700 1 |a Connes, Alain. 
700 1 |a Doplicher, S.  |q (Sergio)  |4 edt 
700 1 |a Longo, Roberto.  |4 edt 
830 0 |a Lecture notes in mathematics (Springer-Verlag) ;  |v 1831. 
650 0 |a Noncommutative differential geometry  |v Congresses. 
084 |a 00B25 (58-06 58B34)  |2 msc2000 
010 |a  2003064075 
040 |a DLC  |c DLC  |d DLC 
859 |h 00B25  |k H  |p LNM-1831  |b BIB. MATEMATICA